Statistiques concernant Tous les Pokémon de type Normal

Cliquez ici pour prendre le quiz!

Statistiques générales

  • Ce quiz a été pris 35 fois
  • Le résultat moyen est 86 sur 123

Statistiques - réponses

Deuxième type du PokémonMéga-Évolution / Formes d'Alola et de GalarNom du Pokémon% Correct
NONRattata
91%
NONRattatac
91%
VolNONRoucool
91%
VolNONRoucoups
91%
FéeNONGrodoudou
86%
NONLeuphorie
86%
NONLeveinard
86%
NONLinéon
86%
NONNanméouïe
86%
VolNONPiafabec
86%
FéeNONRondoudou
86%
VolNONRoucarnage
86%
VolNONCanarticho
82%
EauNONCastorno
82%
NONÉcremeuh
82%
NONFouinar
82%
NONFouinette
82%
NONGoinfrex
82%
NONKeunotor
82%
NONLockpin
82%
NONPorygon
82%
NONPorygon-Z
82%
VolNONRapasdepic
82%
NONRonflex
82%
NONTauros
82%
NONZigzaton
82%
NONChuchmur
77%
VolNONDodrio
77%
VolNONDoduo
77%
NONÉvoli
77%
VolNONHélédelle
77%
NONKangourex
77%
NONLaporeille
77%
NONMétamorph
77%
NONMiaouss
77%
NONMiradar
77%
VolNONNoarfang
77%
NONPersian
77%
NONPorygon2
77%
NONPtiravi
77%
NONRamboum
77%
NONTeddiursa
77%
FéeNONToudoudou
77%
NONUrsaring
77%
NONArceus
73%
NONBrouhabam
73%
NONCerfrousse
73%
NONCoudlangue
73%
VolNONDéflaisan
73%
VolNONÉtouraptor
73%
VolNONÉtourmi
73%
NONExcelangue
73%
NONFrison
73%
FeuNONHélionceau
73%
VolNONHoothoot
73%
NONInsolourdo
73%
NONMastouffe
73%
NONMonaflèmit
73%
FeuNONNémélios
73%
VolNONNirondelle
73%
NONRatentif
73%
NONRegigigas
73%
NONSapereau
73%
VolNONTylton
73%
NONChinchidou
68%
VolNONColombeau
68%
DragonNONDraïeul
68%
VolNONÉtourvol
68%
NONFuraiglon
68%
PsyNONGirafarig
68%
NONGueriaigle
68%
PlanteNONHaydaim
68%
ÉlectrikNONIguolta
68%
TénèbresNONIxon
68%
VolOUI (Méga-Évolution)Méga-Roucarnage
68%
NONParecool
68%
NONPashmilla
68%
VolNONPasserouge
68%
NONPonchien
68%
NONPonchiot
68%
NONQueulorior
68%
NONSkitty
68%
NONVigoroth
68%
PlanteNONVivaldaim
68%
NONCapidextre
64%
NONCapumain
64%
NONDelcatty
64%
ÉlectrikNONGalvaran
64%
OUI (Méga-Évolution)Méga-Kangourex
64%
CombatOUI (Méga-Évolution)Méga-Lockpin
64%
FéeOUI (Méga-Évolution)Méga-Nanméouïe
64%
VolNONPijako
64%
FéeNONAzurill
59%
NONChaffreux
59%
NONChaglam
59%
SolNONExcavarenne
59%
NONMangriff
59%
NONMeloetta
59%
NONMorphéo
59%
VolNONPicassaut
59%
TénèbresOUI (Forme d'Alola)Rattatac d'Alola
59%
TénèbresOUI (Forme d'Alola)Rattata d'Alola
59%
NONType:0
59%
PsyNONWimessir
59%
NONArgouste
55%
VolNONBazoucan
55%
TénèbresOUI (Forme de Galar)Linéon de Galar
55%
NONManglouton
55%
NONMoumouflon
55%
NONMoumouton
55%
VolNONPiclairon
55%
NONSilvallié
55%
NONSpinda
55%
TénèbresOUI (Forme de Galar)Zigzaton de Galar
55%
CombatNONChelours
50%
NONCouafarel
50%
NON
Rongrigou
50%
NONKecleon
50%
CombatNONNounourson
50%
VolNONPoichigeon
50%
NONRongourmand
50%
PsyNONGouroutan
45%
NONDodoala
41%

Distribution des résultats

Percentile par nombre de réponses

% des personnes avec chaque résultat

Votre développement - résultats

Vous n’avez pas pris ce quiz